Η μορφή του σχεδιασμένου αντικειμένου
Saved in:
| Main Author: | |
|---|---|
| Other Authors: | |
| Format: | Book |
| Language: | Greek |
| Published: |
Αθήνα :
Επίκεντρο,
[2005]
|
| Tags: |
Add Tag
No Tags, Be the first to tag this record!
|
MARC
| LEADER | 00000cam a2200000 i 4500 | ||
|---|---|---|---|
| 001 | 1/60763 | ||
| 008 | 141202s2005 gr | ||| |||| ||gre|| | ||
| 020 | |a 9789606645785 | ||
| 035 | |l 10119930 | ||
| 040 | |a GR-MyUa |b gre |e AACR2 | ||
| 041 | 0 | |a gre | |
| 082 | 7 | |a 745.4 |2 (23) | |
| 100 | 1 | |a Παρμενίδης, Γεώργιος. | |
| 245 | 1 | 2 | |a Η μορφή του σχεδιασμένου αντικειμένου / |c Γιώργος Παρμενίδης, Σόνια Χαραλαμπίδου-Διβάνη. |
| 260 | |a Αθήνα : |b Επίκεντρο, |c [2005] | ||
| 300 | |a 247 σ. : |b εικ. ; |c 24 εκ. | ||
| 504 | |a Βιβλιογραφία: σ. 237-247. | ||
| 700 | 1 | |a Χαραλαμπίδου-Διβάνη, Σόνια. | |
| 852 | |a INST |b SYROS |c EUDOXUS |e 20141202 |h 745.4 ΠΑΡ |p 005500012349 |q 005500012349 |t EDX |y 0 | ||
| 901 | |a BIBL5-2014-3 | ||
| 920 | |a Εύδοξος |b Παραγγελία |y Σύρος-ΤΜΣΠΣ |z 2014-12 | ||
| 970 | |a Κοντού |b Παρασκευή |z 02/12/2014 | ||